NEFFEX - Soldier Lyrics - Statistics

General Stats
  • This quiz has been taken 15 times
  • The average score is 182 of 395
Answer Stats
Answer % Correct
a
93%
I
93%
so
93%
soldier,
93%
like
86%
on
86%
for
79%
forward
79%
in
79%
it,
79%
it
79%
just
79%
keep
79%
moving
79%
Yeah,
79%
yeah
79%
Always
71%
an
71%
and
71%
||: And
71%
And
71%
attack,
71%
Attack
71%
closer,
71%
I'm
71%
it's
71%
It's
71%
over
71%
over :|| (x4)
71%
over :|| (x6)
71%
until
71%
be
64%
Be
64%
Get
64%
get
64%
getting
64%
hear
64%
heart
64%
march
64%
raps
64%
spit
57%
the
57%
to
57%
you
57%
make
50%
Make
50%
me
50%
me,
50%
no,
50%
up
50%
all
43%
as
43%
back
43%
back,
43%
can
43%
change,
43%
change
43%
dead
43%
defeat
43%
don't
43%
fast
43%
fatal
43%
go
43%
gon'
43%
hard
43%
impact
43%
my
43%
Now
43%
now,
43%
now
43%
one
43%
peace,
43%
peace
43%
people
43%
pick
43%
same,
43%
speak
43%
they
43%
They
43%
why
43%
yesterday
43%
your
43%
act
36%
artist
36%
being
36%
blast
36%
'cause
36%
'Cause
36%
confused,
36%
different,
36%
every
36%
excuse
36%
gonna
36%
good
36%
got
36%
hate
36%
If
36%
loose,
36%
name,
36%
nobody
36%
not
36%
of
36%
other
36%
out,
36%
out
36%
Past
36%
promise
36%
quit,
36%
quit
36%
ready
36%
remember
36%
say,
36%
say
36%
scars,
36%
see
36%
sh*t,
36%
sh*t
36%
there
36%
when
36%
will
36%
won't
36%
word
36%
You're
36%
abuse
29%
actions,
29%
actions
29%
ain't
29%
ask,
29%
charts
29%
doubt
29%
doubt,
29%
Everybody
29%
fact,
29%
felt
29%
finally
29%
fought
29%
honest
29%
huh?
29%
is
29%
limitless
29%
live,
29%
lose,
29%
lost,
29%
love
29%
noose
29%
nothing
29%
piece
29%
produce
29%
rest
29%
ridiculous,
29%
save,
29%
spitting
29%
Stay
29%
stays
29%
ten
29%
that
29%
then
29%
this,
29%
this
29%
'til
29%
used
29%
wants
29%
While
29%
with
29%
y'all
29%
artists
21%
bars
21%
before
21%
bleed
21%
bruise
21%
but
21%
call
21%
class
21%
discrete
21%
grab
21%
grave
21%
hits
21%
honestly,
21%
life
21%
listen
21%
meticulous
21%
mind
21%
miss
21%
need
21%
never
21%
new
21%
others
21%
repeat
21%
reward
21%
shots
21%
sit
21%
society
21%
something
21%
swear
21%
swing
21%
tasteful
21%
Wasting
21%
weak
21%
weed
21%
yours
21%
bit,
14%
Bite
14%
bite
14%
boost
14%
bullet
14%
conscious,
14%
God
14%
going
14%
harness,
14%
I'll
14%
jacked
14%
modest,
14%
modest
14%
myth
14%
off
14%
packs
14%
proud,
14%
rapping
14%
reactions,
14%
regret
14%
snap
14%
thousand
14%
tongue
14%
views
14%
breaking
7%
drop
7%
energy,
7%
figured
7%
forget
7%
legend,
7%
look
7%
loud
7%
obnoxious
7%
take
7%
through
7%
try
7%
bow,
0%
center
0%
crowd
0%
gotta
0%
had
0%
long
0%
promised,
0%
quest,
0%
stage
0%
Staying
0%
No matching quizzes found
Score Distribution
Percent of People with Each Score
Percentile by Number Answered
Your Score History
You have not taken this quiz